Ústredná banka dát obchodu podsystém ekonomický

Gespeichert in:
Bibliographische Detailangaben
Format: Buch
Sprache:Slowakisch
Veröffentlicht: Banská Bystrica Dom techniky ČSVTS 1981
Tags: Tag hinzufügen
Keine Tags, Fügen Sie das erste Tag hinzu!

MARC

LEADER 00000nam a2200000 4500
001 c126169
005 20041019155237.3
041 0 |a slo 
044 |a SK 
245 1 0 |a Ústredná banka dát obchodu  |b podsystém ekonomický 
264 1 |a Banská Bystrica  |b Dom techniky ČSVTS  |c 1981 
300 |a Nestr.